[Event "European Senior Chess Championship 2018"]
[Site "Drammen, Norway"]
[Date "2018.08.03"]
[Round "9"]
[White "Lillebo, Hakon"]
[Black "Syvertsen, Finn"]
[Result "1-0"]
[WhiteElo "1637"]
[BlackElo "1426"]
[PlyCount "67"]
[EventDate "2018.??.??"]

1. d4 d6 2. c4 Nf6 3. Nc3 Bf5 4. Nf3 h6 5. g3 Nbd7 6. Bg2 c5 7. Nh4 Bh7 8. Bxb7
Rb8 9. Bc6 Qb6 10. d5 e6 11. O-O Be7 12. Nf3 O-O 13. Ba4 Ne5 14. Nxe5 dxe5 15.
Bc2 Bxc2 16. Qxc2 exd5 17. cxd5 Qb7 18. e4 Qd7 19. b3 Nh7 20. Na4 Rbc8 21. Be3
Ng5 22. Bxg5 hxg5 23. Nb2 f5 24. Qc4 f4 25. d6+ Kh7 26. dxe7 Qxe7 27. Rad1 f3
28. g4 Qf6 29. Rd5 Qh6 30. Kh1 Qh4 31. Nd1 Qxg4 32. Rg1 Qf4 33. Ne3 Rf6 34. Rg4
1-0

[Event "European Senior Chess Championship 2018"]
[Site "Drammen, Norway"]
[Date "2018.08.03"]
[Round "9"]
[White "Evensen, Per-Erik"]
[Black "Jorgensen, Asle"]
[Result "1/2-1/2"]
[WhiteElo "1447"]
[BlackElo "1628"]
[PlyCount "70"]
[EventDate "2018.??.??"]

1. d4 d5 2. Nf3 Nf6 3. c4 e6 4. Nc3 c6 5. e3 Bd6 6. Qc2 Nbd7 7. Bd3 Qc7 8. O-O
e5 9. dxe5 Nxe5 10. Nxe5 Bxe5 11. f4 Bd6 12. b3 Be6 13. cxd5 Bxd5 14. Nxd5 Nxd5
15. Bc4 Qe7 16. Kh1 Nb4 17. Qc3 f6 18. a3 Nd5 19. Bxd5 cxd5 20. b4 O-O 21. Qd4
Qe4 22. Bb2 Rfe8 23. Qxe4 Rxe4 24. Bd4 Bc7 25. Rfe1 Rae8 26. g3 Bb6 27. Bxb6
axb6 28. Red1 Rd8 29. Rd3 Kf7 30. Rad1 Ke6 31. Kg2 f5 32. Kf3 Rc4 33. h3 Rc2
34. R1d2 Rc1 35. Rd1 Rc2 1/2-1/2